| 000 | 00707nam a22002537a 4500 | ||
|---|---|---|---|
| 001 | 0151 | ||
| 003 | DO-SdBNP | ||
| 005 | 20231030093401.0 | ||
| 007 | 0151 | ||
| 008 | 151005b19uu xxu 00| 0 spa d | ||
| 040 |
_aBPMSU _bspa _cBPMSU |
||
| 082 | 4 |
_aCo863.44 _bG216f _222 |
|
| 100 | 1 |
_aGarcía Márquez, Gabriel _d1927-2014. |
|
| 245 | 1 | 4 |
_aLos funerales de la mamá grande / _cGabriel García Márquez |
| 260 |
_a[s.l : _bs. e, _c[19-?]. |
||
| 300 |
_a147 p. ; _c18 cm. |
||
| 490 | 1 | _aÍndice | |
| 590 | _aInventariado, 2023/VM | ||
| 650 | 4 | _aCuentos colombianos | |
| 650 | 4 | _aLiteratura colombiana | |
| 650 | 4 |
_aHonras fúnebres _vCuentos. |
|
| 910 | _aVMateo V. Control de calidad. BPMSU | ||
| 942 |
_2ddc _cBK |
||
| 999 |
_c9154 _d9154 |
||